000 00274nam a22001217a 4500
008 170504b xxu||||| |||| 00| 0 eng d
041 _aeng
080 _a34
100 _a14
101 _aSHJ
245 _aE DREJTA NE ARSIM E KOMUNITETIT
_cOSMANI.B
942 _2udc
_cBK
999 _c12698
_d12698